000
00297nam a2200109Ia 4500
001
1275892
005
20260417160436.0
008
260417s9999 xx 000 0 und d
020
_a
9786257303569
245
0
_a
Hayvanlar Yavrularını Nasıl Büyütür?
_c
Pavla Hanackova
260
_b
Ketebe Çocuk
999
_c
1275892
_d
1275892